| 000 | 00551nam a2200217Ia 4500 | ||
|---|---|---|---|
| 003 | LK-CoDNM | ||
| 005 | 20240213134722.0 | ||
| 008 | 010623t1902 xxu||||| |||| 00| 1 sin d | ||
| 040 |
_aLK-CoDNM _dLK-CoDNM _eLK-CoDNM |
||
| 041 | _asin | ||
| 080 |
_a104 _bT 4 |
||
| 100 | _aKulasekara,D.J | ||
| 245 | _aසාක කෝලිය උත්පත්තිය | ||
| 246 | _aSakyakoliya Utpattiya | ||
| 260 |
_bSugathadasa Press _aColombo _c1902 |
||
| 300 | _b25p., 22 cm | ||
| 650 | _aKoliya | ||
| 650 | _araces | ||
| 650 | _aSakya | ||
| 942 | _cBK | ||
| 999 |
_c85527 _d85527 |
||